[Event "Deltalift op"]
[Site "Tylosand"]
[Date "2017.05.27"]
[Round "7"]
[White "Karlsson, Jorgen"]
[Black "Magelius, Olof"]
[Result "0-1"]
[WhiteElo "2095"]
[BlackElo "1949"]
[PlyCount "54"]
[EventDate "2017.05.25"]
[EventType "swiss"]
[EventRounds "8"]
[EventCountry "SWE"]
[SourceTitle "CBM 178 Extra"]
[Source "ChessBase"]
[SourceDate "2017.06.22"]
[SourceVersion "1"]
[SourceVersionDate "2017.06.22"]
[SourceQuality "1"]

1. e4 d5 2. e5 Bf5 3. f4 c5 4. Nf3 Nc6 5. d3 e6 6. h3 h5 7. g3 Qc7 8. Nh4 Nge7 9. Nc3 a6 10. Bg2 g5 11. fxg5 Qxe5+ 12. Kf2 Bg7 13. Re1 Qd6 14. Bf4 Qd7 15. Nxf5 Nxf5 16. Nxd5 Kf8 17. Nf6 Qd4+ 18. Kf1 Bxf6 19. gxf6 Qxf6 20. Bxc6 Nxg3+ 21. Kf2 Qxf4+ 22. Bf3 Rg8 23. c3 Nf5 24. Rh1 Qe3+ 25. Kf1 Ng3+ 26. Kg2 Ne4+ 27. Kf1 Qf2# 0-1

[Event "Deltalift op"]
[Site "Tylosand"]
[Date "2016.05.05"]
[Round "2"]
[White "Magelius, Olof"]
[Black "Ivarsson, Torbjorn"]
[Result "0-1"]
[WhiteElo "1969"]
[BlackElo "2185"]
[PlyCount "55"]
[EventDate "2016.05.05"]
[EventType "swiss"]
[EventRounds "8"]
[EventCountry "SWE"]
[SourceTitle "CBM 172 Extra"]
[Source "ChessBase"]
[SourceDate "2016.06.21"]
[SourceVersion "1"]
[SourceVersionDate "2016.06.21"]
[SourceQuality "1"]

1. e4 e6 2. d4 d5 3. Nd2 Nf6 4. e5 Nfd7 5. Ngf3 c5 6. c3 Nc6 7. Bd3 Be7 8. 0-0 g5 9. c4 g4 10. cxd5 exd5 11. e6 gxf3 12. exd7+ Qxd7 13. Nxf3 c4 14. Bc2 Qg4 15. Ne5 Qxd4 16. Nxc6 Qxd1 17. Rxd1 bxc6 18. Ba4 Bd7 19. Be3 Bf6 20. Rd2 Rb8 21. Re1 0-0 22. h3 Rb4 23. Bd1 Re8 24. Ree2 a5 25. b3 c3 26. Rd3 Bf5 27. Bc2 Bxd3 28. Bxd3 0-1